[Event "Eastern Asia-ch U20"]
[Site "Kota Kinabalu"]
[Date "2023.12.07"]
[Round "7"]
[White "Kavin, Mohan"]
[Black "Hiew, Jing Yung"]
[Result "1-0"]
[WhiteElo "1751"]
[BlackElo "1591"]
[PlyCount "115"]
[EventDate "2023.12.02"]
[EventType "swiss"]
[EventRounds "9"]
[EventCountry "MAS"]
[SourceTitle "CB50_2023"]
[SourceDate "2023.12.13"]
[SourceVersion "1"]
[SourceVersionDate "2023.12.13"]
[SourceQuality "1"]

1. d4 d5 2. c4 c6 3. Nf3 Nf6 4. e3 e6 5. Nc3 Nbd7 6. Qc2 Bd6 7. Bd3 0-0 8. 0-0 dxc4 9. Bxc4 b5 10. Bd3 Bb7 11. b3 Rc8 12. Bb2 b4 13. Ne4 Nxe4 14. Bxe4 f5 15. Bd3 c5 16. Qe2 Qe7 17. Rfd1 Kh8 18. Ba6 Bxa6 19. Qxa6 Nf6 20. dxc5 Bxc5 21. Rac1 Rcd8 22. Rxd8 Rxd8 23. h3 Bb6 24. Qc4 Nd5 25. Ne5 Rf8 26. Qe2 Qb7 27. Qf3 Kg8 28. Rc6 Qe7 29. g3 Qe8 30. Rc4 Qe7 31. h4 Qd8 32. Nc6 Qd7 33. Qd1 Qb7 34. Qf3 Qa6 35. Nxb4 Nxb4 36. Rxb4 Qxa2 37. Be5 Qa5 38. Bc3 Qc5 39. Rc4 Qe7 40. Bb4 Qd7 41. Bxf8 Kxf8 42. Kg2 h6 43. e4 Qb5 44. exf5 exf5 45. h5 Kg8 46. Rf4 Qe8 47. Rxf5 Qe7 48. Qd5+ Kh7 49. Rf7 Qe8 50. Qd7 Qe5 51. Qf5+ Qxf5 52. Rxf5 Kg8 53. f4 Bc7 54. Kf3 Bb6 55. g4 Bc7 56. g5 hxg5 57. fxg5 Bd8 58. g6 1-0

[Event "Eastern Asia-ch U20"]
[Site "Kota Kinabalu"]
[Date "2023.12.05"]
[Round "6"]
[White "Concio, Michael Jr"]
[Black "Kavin, Mohan"]
[Result "1/2-1/2"]
[WhiteElo "2403"]
[BlackElo "1751"]
[PlyCount "134"]
[EventDate "2023.12.02"]
[EventType "swiss"]
[EventRounds "9"]
[EventCountry "MAS"]
[SourceTitle "CB50_2023"]
[SourceDate "2023.12.13"]
[SourceVersion "1"]
[SourceVersionDate "2023.12.13"]
[SourceQuality "1"]

1. d4 Nf6 2. c4 e6 3. Nf3 d5 4. Nc3 c6 5. e3 Nbd7 6. Qc2 Be7 7. Bd3 dxc4 8. Bxc4 b5 9. Bd3 Bb7 10. 0-0 a6 11. a4 0-0 12. e4 b4 13. e5 bxc3 14. exf6 Nxf6 15. Qxc3 c5 16. dxc5 Rc8 17. Rd1 Qc7 18. c6 Qxc6 19. Qxc6 Bxc6 20. Ne5 Bb7 21. Bd2 Rfd8 22. Bc3 Rd5 23. Bf1 h6 24. Nc4 Rxd1 25. Rxd1 Nd5 26. Bd4 Nb4 27. Bc3 Nd5 28. Be5 f6 29. Bg3 Bc6 30. b3 Bb4 31. a5 e5 32. Rxd5 Bxd5 33. Nb6 Rc1 34. Nxd5 Bxa5 35. b4 Bd8 36. f4 e4 37. Kf2 a5 38. bxa5 Bxa5 39. f5 Be1+ 40. Ke2 Bxg3 41. hxg3 Kf7 42. g4 g6 43. Kf2 h5 44. Nf4 gxf5 45. gxh5 Kg7 46. Be2 Kh6 47. g3 Kg5 48. Ne6+ Kh6 49. Ke3 Re1 50. Kf2 Rb1 51. Nd8 Kg7 52. Ke3 Re1 53. Kf2 Rb1 54. Nc6 Kh6 55. Ne7 Kg5 56. Nd5 Ra1 57. Nf4 Kh6 58. Kg2 Ra2 59. Kh3 Rb2 60. Bc4 Rf2 61. Bb5 Kg5 62. Bd7 Rd2 63. Be8 Rf2 64. Bb5 Kh6 65. Be2 Kg5 66. Bd1 e3 67. Be2 Kh6 1/2-1/2

[Event "Penang op-A 14th"]
[Site "Penang"]
[Date "2022.12.19"]
[Round "1"]
[White "Kavin, Mohan"]
[Black "Dau, Khuong Duy"]
[Result "0-1"]
[WhiteElo "1588"]
[BlackElo "2244"]
[PlyCount "122"]
[EventDate "2022.12.19"]
[EventType "swiss"]
[EventRounds "9"]
[EventCountry "MAS"]
[SourceTitle "CBM 211 Extra"]
[Source "ChessBase"]
[SourceDate "2023.01.31"]
[SourceVersion "1"]
[SourceVersionDate "2023.01.31"]
[SourceQuality "1"]

1. d4 Nf6 2. c4 g6 3. Nc3 Bg7 4. e4 d6 5. Nf3 0-0 6. Be2 e5 7. d5 a5 8. h3 Na6 9. 0-0 Nc5 10. Qc2 Nh5 11. Be3 Nf4 12. Rfe1 b6 13. Bf1 f5 14. Bxf4 exf4 15. e5 dxe5 16. Nxe5 Bd7 17. Nf3 Qf6 18. Bd3 Rfe8 19. Rac1 g5 20. Nh2 h6 21. Be2 a4 22. a3 Nb3 23. Bh5 Nxc1 24. Bxe8 Rxe8 25. Rxe8+ Bxe8 26. Qxc1 Bd7 27. Qc2 Qd4 28. Nxa4 g4 29. hxg4 fxg4 30. Nc3 g3 31. Nf3 Qxc4 32. Qd2 Bg4 33. Ne2 Qc5 34. Nxf4 Qxf2+ 35. Qxf2 gxf2+ 36. Kxf2 Bxb2 37. a4 Bd7 38. Ne6 Bxe6 39. dxe6 Kf8 40. Ke3 Ke7 41. Ke4 Kxe6 42. Nd2 Bc3 43. Nc4 h5 44. Kd3 Bb4 45. Ke4 Bc5 46. a5 b5 47. Nb2 Kd6 48. Nd3 Ba7 49. Nf4 h4 50. Kd3 c5 51. Ng6 c4+ 52. Kc3 Kc5 53. Nxh4 b4+ 54. Kb2 Kb5 55. Nf5 Kxa5 56. g4 Bb8 57. g5 Be5+ 58. Kb1 b3 59. g6 c3 60. g7 c2+ 61. Kc1 Bf4+ 0-1

[Event "Wch FIDE Online U10 Asia qual"]
[Site "Tornelo INT"]
[Date "2020.12.13"]
[Round "6"]
[White "Dau, Khuong Duy"]
[Black "Kavin, Mohan"]
[Result "0-1"]
[WhiteElo "1675"]
[BlackElo "1617"]
[PlyCount "146"]
[EventDate "2020.12.11"]
[EventType "swiss (rapid)"]
[EventRounds "7"]
[EventCountry "ISS"]
[SourceTitle "EXT 2022"]
[Source "ChessBase"]
[SourceDate "2021.10.06"]
[SourceVersion "1"]
[SourceVersionDate "2021.10.06"]
[SourceQuality "1"]

1. e4 e6 2. d4 d5 3. Nc3 Nf6 4. Bg5 Bb4 5. e5 h6 6. Bd2 Bxc3 7. Bxc3 Ne4 8. Bd3 Nxc3 9. bxc3 c5 10. Nf3 c4 11. Be2 Nc6 12. 0-0 0-0 13. Qd2 a5 14. h3 b5 15. Kh1 b4 16. a3 bxc3 17. Qxc3 Qe7 18. Qe3 f6 19. a4 Nb4 20. Qd2 f5 21. c3 Nc6 22. Rfb1 Bd7 23. Bd1 Rfb8 24. Qc1 Qd8 25. Bc2 Ne7 26. Qa3 Ng6 27. g3 Qe7 28. Qxe7 Nxe7 29. Nd2 Nc8 30. Kg2 Kf7 31. g4 g6 32. f4 Nb6 33. Kf3 Rb7 34. Ke3 Rab8 35. gxf5 gxf5 36. Bd1 Ke7 37. Bc2 Rg8 38. Kf2 Rgb8 39. Rg1 Kf7 40. Bd1 Ke7 41. Rg7+ Kd8 42. Rg6 Kc7 43. Rxh6 Na8 44. Rg6 Rb2 45. Ke3 Rh8 46. Rg3 Nb6 47. Nf3 Nc8 48. Nd2 Ne7 49. Nf3 Nc6 50. Nd2 Rhb8 51. h4 Rh8 52. h5 Be8 53. Rg5 Rh6 54. Rg7+ Kb6 55. Rg5 Bf7 56. Rb1 Rxb1 57. Nxb1 Rh7 58. Nd2 Nb4 59. Kf2 Nd3+ 60. Ke3 Nb2 61. Bc2 Bxh5 62. Rg8 Nd1+ 63. Bxd1 Bxd1 64. Rg6 Rh3+ 65. Kf2 Rh2+ 66. Ke1 Bxa4 67. Rxe6+ Bc6 68. Rf6 a4 69. e6 a3 70. e7 a2 71. Rxc6+ Kb7 72. Nb3 cxb3 73. Ra6 Kxa6 0-1

[Event "Wch FIDE Online U10 Asia qual"]
[Site "Tornelo INT"]
[Date "2020.12.13"]
[Round "7"]
[White "Kavin, Mohan"]
[Black "Movahed, Sina"]
[Result "0-1"]
[WhiteElo "1617"]
[BlackElo "1804"]
[PlyCount "94"]
[EventDate "2020.12.11"]
[EventType "swiss (rapid)"]
[EventRounds "7"]
[EventCountry "ISS"]
[SourceTitle "EXT 2022"]
[Source "ChessBase"]
[SourceDate "2021.10.06"]
[SourceVersion "1"]
[SourceVersionDate "2021.10.06"]
[SourceQuality "1"]

1. d4 Nf6 2. Nc3 c5 3. d5 d6 4. e4 g6 5. f4 Bg7 6. Bb5+ Bd7 7. e5 Ng8 8. e6 Bxb5 9. exf7+ Kxf7 10. Nxb5 Nf6 11. Nc3 Nbd7 12. Nf3 h6 13. Qe2 Nb6 14. f5 Rf8 15. Qe6+ Ke8 16. fxg6 Qd7 17. 0-0 Nbxd5 18. Nxd5 Qxe6 19. Nc7+ Kd7 20. Nxe6 Kxe6 21. Bf4 Kd7 22. Rad1 Nh5 23. Be5 Rxf3 24. Rxf3 Bxe5 25. Rf5 Bd4+ 26. Rxd4 cxd4 27. Rxh5 Rh8 28. h4 Ke6 29. Ra5 a6 30. h5 Rc8 31. Ra4 Kd5 32. g4 e5 33. Ra3 Ke4 34. Rg3 Kf4 35. Rg2 Kg5 36. Rf2 Kxg4 37. g7 Rg8 38. Rg2+ Kf3 39. Kh2 e4 40. Rg6 e3 41. Rg3+ Ke2 42. Kg2 Kd2 43. Kf3 Kxc2 44. Rg2+ Kd3 45. Kf4 e2 46. Rg3+ Kd2 47. Rg2 Kd1 0-1

[Event "Wch FIDE Online U10 Asia qual"]
[Site "Tornelo INT"]
[Date "2020.12.12"]
[Round "5"]
[White "Aakash, G2222"]
[Black "Kavin, Mohan"]
[Result "1-0"]
[WhiteElo "1664"]
[BlackElo "1617"]
[PlyCount "69"]
[EventDate "2020.12.11"]
[EventType "swiss (rapid)"]
[EventRounds "7"]
[EventCountry "ISS"]
[SourceTitle "EXT 2022"]
[Source "ChessBase"]
[SourceDate "2021.10.06"]
[SourceVersion "1"]
[SourceVersionDate "2021.10.06"]
[SourceQuality "1"]

1. d4 Nf6 2. c4 c5 3. d5 b5 4. cxb5 a6 5. e3 d6 6. Nc3 g6 7. Bc4 Bg7 8. a4 axb5 9. Bxb5+ Bd7 10. Nge2 0-0 11. 0-0 Bxb5 12. Nxb5 Nbd7 13. Nbc3 Qb6 14. f4 Rfb8 15. h3 Qb7 16. e4 Qb4 17. Qc2 c4 18. Nd4 Nxd5 19. Nxd5 Bxd4+ 20. Kh1 Qc5 21. Nxe7+ Kf8 22. Nd5 Nb6 23. Nxb6 Rxb6 24. f5 Rb4 25. fxg6 hxg6 26. e5 Qxe5 27. Qxg6 Ra7 28. Bh6+ Ke8 29. Qg8+ Kd7 30. Rxf7+ Kc6 31. Qc8+ Kb6 32. a5+ Rxa5 33. Rb7+ Ka6 34. Qa8+ Ba7 35. Qxa7# 1-0